Estímulo económico y rendimiento laboral / (Record no. 134457)

MARC details
000 -LEADER
campo de control de longitud fija 00968nam a22002891 4500
001 - NÚMERO DE CONTROL
campo de control 134457
003 - IDENTIFICADOR DE NÚMERO DE CONTROL
campo de control ES-MaACL
005 - FECHA Y HORA DE LA ÚLTIMA TRANSACCIÓN
campo de control 20250826072422.0
007 - CAMPO FIJO DE DESCRIPCIÓN FÍSICA--INFORMACIÓN GENERAL
campo de control de longitud fija t|
008 - DATOS DE LONGITUD FIJA--INFORMACIÓN GENERAL
campo de control de longitud fija 070911s1961 sp ||||0| spa d
016 7# - NÚMERO DE CONTROL DE UNA AGENCIA BIBLIOGRÁFICA NACIONAL
Número de control cancelado/no válido IND2000944328
040 ## - FUENTE DE CATALOGACIÓN
Centro catalogador/agencia de origen M-BN
Lengua de catalogación spa
Centro/agencia transcriptor CDM
080 ## - NÚMERO DE LA CLASIFICACIÓN DECIMAL UNIVERSAL
Número de la Clasificación Decimal Universal 658.323
100 1# - ENTRADA PRINCIPAL--NOMBRE DE PERSONA
Nombre de persona White, William Foote.
9 (RLIN) 116692
245 10 - MENCIÓN DEL TÍTULO
Título Estímulo económico y rendimiento laboral /
Mención de responsabilidad, etc. William Foote White ; [traducción de Fernando Giménez-Ontiveros Solís] ; prólogo de Miguel Siguán.
260 ## - PUBLICACIÓN, DISTRIBUCIÓN, ETC.
Lugar de publicación, distribución, etc. Madrid :
Nombre del editor, distribuidor, etc. Rialp,
Fecha de publicación, distribución, etc. 1961.
300 ## - DESCRIPCIÓN FÍSICA
Extensión 312 p. ;
Dimensiones 25 cm.
490 1# - MENCIÓN DE SERIE
Mención de serie la empresa y el hombre ;
Designación de volumen o secuencia 13
650 14 - PUNTO DE ACCESO ADICIONAL DE MATERIA--TÉRMINO DE MATERIA
Término de materia o nombre geográfico como elemento de entrada Incentivos salariales.
9 (RLIN) 13650
650 14 - PUNTO DE ACCESO ADICIONAL DE MATERIA--TÉRMINO DE MATERIA
Término de materia o nombre geográfico como elemento de entrada Trabajo-
Subdivisión general Productividad
9 (RLIN) 17599
700 1# - ENTRADA AGREGADA--NOMBRE PERSONAL
Nombre de persona Jiménez-Ontiveros, Fernando.
9 (RLIN) 66581
700 1# - ENTRADA AGREGADA--NOMBRE PERSONAL
Nombre de persona Siguán, Miguel.
9 (RLIN) 106313
830 03 - PUNTO DE ACCESO ADICIONAL DE SERIE-TÍTULO UNIFORME
Título uniforme La empresa y el hombre
Designación de volumen o secuencia 13
9 (RLIN) 231650
852 ## - LOCALIZACIÓN
Ubicación ES-MaACL
Número de control de estantería C-20543
Sublocalización o colección R.48589
Holdings
Estatus retirado Estado de pérdida Estado de daño No para préstamo Biblioteca de origen Biblioteca actual Ubicación en estantería Fecha de adquisición Fuente de adquisición Total de préstamos Signatura topográfica completa Código de barras Visto por última vez Precio de reemplazo Tipo de ítem Koha
        Biblioteca del Ateneo de Madrid Biblioteca del Ateneo de Madrid Galería 17/01/2008     C-20543 1139954 23/02/2023 23/02/2023 Libro impreso